Vista normal
Vista MARC
Entrada Materia (corporativa)
Número de registros utilizados en: 5
001 - CONTROL NUMBER
- control field: 55941
003 - CONTROL NUMBER IDENTIFIER
- control field: Co-BoUCM
005 - DATE AND TIME OF LATEST TRANSACTION
- control field: 20140213160040.0
008 - FIXED-LENGTH DATA ELEMENTS
- fixed length control field: 140213|| aca||aabn | a|a d
040 ## - CATALOGING SOURCE
- Original cataloging agency: Co-BoUCM
- Transcribing agency: Co-BoUCM
110 ## - HEADING--CORPORATE NAME
- Corporate name or jurisdiction name as entry element: Imagine Entertainment
670 ## - SOURCE DATA FOUND
- Source citation: Work cat.: (Co-BoUCM)43802: Una mente brillante, 2001